000 03802cam a2200397 4500500
005 20251228053206.0
041 _afre
042 _adc
100 1 0 _aTrompette, Pascale
_eauthor
700 1 0 _aSeferiadis, Anastasia-Alithia
_eauthor
700 1 0 _aGueye, Cina
_eauthor
245 0 0 _aUne gare au cœur des marchés populaires à Dakar : conflits et compromis dans la fabrique d’une ville durable
260 _c2024.
500 _a61
520 _aCet article analyse les enjeux de la fabrique de la ville durable dans le contexte des métropoles africaines, en s’intéressant aux aménagements urbains associés à la création d’une nouvelle ligne de bus rapide sur voies réservées ou Bus rapid transit (BRT), à Dakar (Sénégal). Basé sur une recherche-action dans le cadre du projet d’aménagement du quartier de la gare routière de Petersen, futur terminal du BRT, l’article s’intéresse à la façon dont les acteurs de la conception urbaine se saisissent des problématiques de saturation des flux autour du site. En retraçant son histoire, il montre que la polarité de la gare routière de Petersen est liée à l’identité commerciale du quartier et forme avec celui-ci une véritable infrastructure marchande au cœur de la ville. L’encastrement marchand de la gare est une clé de compréhension des dynamiques d’occupation et des conflits récurrents sur l’espace. Il est aussi au cœur des luttes et compromis politiques entre pouvoirs publics et travailleur-euses, qui alimentent au fil du temps une forme de liminalité spatiale conjuguant relégation aux marges et droit d’occupation temporaire. L’article décrit la façon dont le travail des aménageurs sur le quartier, explorant de nouveaux équilibres, peine à réintégrer pleinement la fonctionnalité marchande dans les nouveaux imaginaires de la ville durable.
520 _aThis article analyses the challenges of creating a ‘sustainable city’ in the context of African metropolises, focusing on the urban planning associated with the creation of a new Bus rapid transit (BRT) system on dedicated urban lanes in Dakar (Senegal). Based on action research carried out in the context of the Petersen Bus Station area development project, the future BRT terminal, the article examines how urban actors are addressing the problem of traffic saturation around the site. By tracing its history, it shows that the polarity of the ‘Petersen Bus Station’ is linked to the commercial identity of the neighborhood, forming a full-fledged market infrastructure in the heart of the city. The market embeddedness of the station is key to understanding the dynamics of spatial appropriation and the recurring conflicts over space. It is also at the center of political struggles and compromises between authorities and workers. Over time, this dynamic creates a form of spatial liminality, combining marginalization with the right to temporary occupation. The article describes how the work of planners, exploring novel equilibriums, struggles to fully reintegrate the market functionality of the neighborhood into new imaginaries of a sustainable city.
690 _aAménagement urbain
690 _acommerce de rue
690 _aDakar
690 _agare routière
690 _amarché
690 _aSénégal
690 _atransport
690 _aville durable
690 _abus station
690 _aDakar
690 _amarket
690 _aSenegal
690 _astreet vendors
690 _asustainable city
690 _atransport
690 _aurban flow
690 _aUrban planning
786 0 _nFlux | 135-136 | 1 | 2024-06-30 | p. 119-140 | 1154-2721
856 4 1 _uhttps://shs.cairn.info/revue-flux-2024-1-page-119?lang=fr&redirect-ssocas=7080
999 _c1585218
_d1585218